| 000 | 00000nam##2200000za#4500 |
| 001 | 9.589871 |
| 003 | CaOODSP |
| 005 | 20210624195844 |
| 007 | cr ||||||||||| |
| 008 | 150406|1988||||xxc|||||o f|0| 0 eng|d |
| 022 | |a1488-5379 |
| 040 | |aCaOODSP|beng |
| 041 | |aeng |
| 041 | |afre |
| 043 | |an-cn--- |
| 086 | 1 |aFs97-6/1607-PDF |
| 110 | 1 |aCanada. |bDepartment of Fisheries and Oceans. |
| 245 | 10|aProceedings of the Fourteenth Annual Aquatic Toxicity Workshop – November 2-4, 1987, Toronto, Ontario / |h[electronic resource]|cEditors, A.J. Niimi and K.R. Solomon. |
| 260 | |aBurlington - Ontario : |bFisheries and Oceans Canada |c1988. |
| 300 | |a220p.|bfigs., references, tables |
| 490 | 1 |aCanadian technical report of fisheries and aquatic sciences|x1488-5379|vNo. 1607 |
| 500 | |aOn t.p.: ... Bayfield Institute (GLLFAS), Burlington, Ontario. |
| 546 | |aPrefatory texts in English and French. Articles in their original languages. |
| 590 | |a14-03-Supp|b2014-01-17 |
| 720 | 1 |aNiimi, A. J. |
| 720 | 1 |aSolomon, K. R. |
| 792 | |tCompte rendu des communications du quatorzième atelier annuel sur la toxicité aquatique du 2-4 novembre, 1987, Toronto, Ontario / |efre|w(CaOODSP)9.589872 |
| 830 | #0|aCanadian technical report of fisheries and aquatic sciences,|x1488-5379|vNo. 1607|w(CaOODSP)9.500269 |
| 856 | 40|ahttp://publications.gc.ca|qPDF|s9092 KB|uhttps://publications.gc.ca/collections/collection_2014/mpo-dfo/Fs97-6-1607.pdf|yNo. 1607 |